000 00580nam a22001697a 4500
010 _aENG-143454
020 _a9788172210755
_c180.00
035 _aEN-126986
037 _bDBAD
082 _a921
245 _aThe Stalwarts:
_bbuilders and leaders of mushawarat 1964-2015 /
_cedited by Zafarul-Islam Khan
260 _aNew Delhi
_bPharos Media & Publishing Pvt. Ltd
_c2015
270 _aD-84 Abul Fazl Enclave-I Jamia Nagar,
_bNew Delhi
_e110025
300 _a182p.:
_billus.
_c22cm(Pbk)
700 _aKhan, Zafarul-Islam
_976875
942 _2ddc
_cEN
_h921
_mSTA
999 _c208676
_d208676